| 000 | 00857nas a2200289 4500 | ||
|---|---|---|---|
| 001 | BR8101066 | ||
| 003 | BR-BrBNA | ||
| 005 | 20231205084538.0 | ||
| 007 | ta | ||
| 008 | 230509b bl.|||p| |||| 00| 00por d | ||
| 040 |
_aBR-BrBNA _bpor _cBiblioteca Nacional de Agricultura |
||
| 041 | _a(En) | ||
| 072 | _aF22; H00 | ||
| 100 | 1 | _aLuchini, L.C. | |
| 100 | 1 | _aLord, K.A. | |
| 100 | 1 | _aRuegg, E.F. | |
| 245 | 1 | _aSorption and desorption of pesticides on brazilian soils [Quimica do solo; Pesticida; Absorcao; Adsorcao; Solo] | |
| 650 | _aQuimica do solo | ||
| 650 | _aDefesa vegetal | ||
| 650 | _aPesticida | ||
| 650 | _aAbsorcao | ||
| 650 | _aAdsorcao | ||
| 650 | _aSolo | ||
| 773 | 0 |
_tCiencia e Cultura (Brazil) _xISSN 0009-6725 _g(Jan 1981), v. 33(1) p. 97-101 _wBR8101066 |
|
| 909 |
_a202311 _bLúcia _c55 _dLúcia Elande |
||
| 942 |
_2AGRIS _n0 _cANA |
||
| 999 |
_c105840 _d105840 |
||